Central Library OPAC University of Rajshahi

Perspectives on management / (Record no. 59050)

MARC details
000 -LEADER
fixed length control field 01015nam a2200313 a 4500
001 - CONTROL NUMBER
control field 59050
003 - CONTROL NUMBER IDENTIFIER
rucl marc code BD-RjUL
005 - DATE AND TIME OF LATEST TRANSACTION
control field 20211209080704.0
008 - FIXED-LENGTH DATA ELEMENTS--GENERAL INFORMATION
fixed length control field 161220s1984 txua b 000 0 eng
020 ## - INTERNATIONAL STANDARD BOOK NUMBER
International Standard Book Number 0256030596 (pbk.)
035 ## - SYSTEM CONTROL NUMBER
System control number (BD-RjUL)59174
040 ## - CATALOGING SOURCE
Original cataloging agency DLC
Transcribing agency DLC
Modifying agency DLC
Language of cataloging eng
041 ## - LANGUAGE CODE
Language code of text/sound track or separate title eng
082 00 - DEWEY DECIMAL CLASSIFICATION NUMBER
Classification number 658
Edition number 19
Author mark and year PER 1984
245 00 - TITLE STATEMENT
Title Perspectives on management /
Statement of responsibility, etc. edited by James H. Donnelly, Jr., James L. Gibson, John M. Ivancevich.
250 ## - EDITION STATEMENT
Edition statement 5th ed.
260 ## - PUBLICATION, DISTRIBUTION, ETC. (IMPRINT)
Place of publication, distribution, etc. Plano, Tex. :
Name of publisher, distributor, etc. Business Publications,
Date of publication, distribution, etc. 1984.
300 ## - PHYSICAL DESCRIPTION
Pagination x, 409 p. :
Illustrations ill. ;
Size 24 cm.
500 ## - GENERAL NOTE
General note Rev. ed. of: Fundamentals of management. 4th ed. 1981.
504 ## - BIBLIOGRAPHY, ETC. NOTE
Bibliography, etc Includes bibliographies.
650 #0 - SUBJECT ADDED ENTRY--TOPICAL TERM
Topical term or geographic name as entry element Management.
9 (RLIN) 172842
700 1# - ADDED ENTRY--PERSONAL NAME
Personal name Donnelly, James H.
Personal name Gibson, James L.
Fuller form of name (James Lawrence),
Dates associated with a name 1935-
Personal name Ivancevich, John M.
942 ## - ADDED ENTRY ELEMENTS (KOHA)
Source of classification or shelving scheme Dewey Decimal Classification
Koha item type Books
Holdings
Lost status Source of classification or shelving scheme Damaged status Not for loan Collection code Permanent Location Current Location Shelving location Date acquired Total Checkouts Full call number Date last seen Copy number Koha item type
  Dewey Decimal Classification   Not For Loan Non-fiction Central Library, University of Rajshahi Central Library, University of Rajshahi Reading Room 27/07/1987   658 PER 1984 20/12/2016 C-1 Books